000 006580000a22001930004500
001 768714001
003 CO-MdFUSB
005 20170613162830.0
008 170613s1997 xxu||||| |||| 00| 0 spa d
040 _aCO-MdFUSB
_bspa
_cCO-MdFUSB
_dCO-MdFUSB
041 _aspa
100 1 _aHintze, Otto (1861-1940)
_eautor
245 1 0 _aOra por trabajadores :
_b"rogad, por tanto al Señor de la míes que envíe obreros a su míes" Lucas 10:2
300 _aNúmero 8 (1998), Páginas 30-31
_c28 cm.
546 _aTexto en español
700 1 _aKaerma, Algur
773 0 _tBuenas Noticias
_049455
_960507
_gNúmero 8 (1998), Páginas 30-31
_qPágina 30
942 _cANA
999 _c50960
_d50960